000 00802nam a2200253Ia 4500
003 OSt
005 20221005112817.0
006 a|||||r|||| 00| 0
007 ta
008 221004b |||||||| |||| 00| 0 pan d
020 _c180
024 _a94565
037 _b72871, 31/12/2008, Arsee Publishers
_cTextual
040 _aCRL
_cCRL
_bpan
041 _2pan
_apan
082 _aL:4:6, 153P3
100 _aਮੋਹੇ, ਗੁਰਚਰਨ ਸਿੰਘ
245 0 _aਆਪਣਾ ਇਲਾਜ ਆਪ
260 _aਦਿੱਲੀ
_bਆਰਸੀ ਭਾਰਤ
_c2003
300 _a184ਪੰ
_ccm.
650 _aਦਵਾਈ
942 _hL:4:6, 153P3
_cTEXL
_2cc
999 _c1026047
_d1026047